2012 CPC coding exam review the certification step

Saved in:
Bibliographic Details
Main Author: BUCK, Carol J.
Format: Book
Language:English
Published: St. Louis, Missouri 2012
Tags: Add Tag
No Tags, Be the first to tag this record!

MARC

LEADER 00000nam a22000007a 4500
008 201217b ||||| |||| 00| 0 eng d
020 |a ISBN: 978-1-4557-0659-4 
100 |a BUCK, Carol J. 
245 |a 2012 CPC coding exam review  |b the certification step  |c Carol J. Buck  |g xvii, 472p.; ill. 
260 |b St. Louis, Missouri  |c 2012  |h Elsevier  |i 680624   |l RB119 .B85 
500 |a “It includes appendix and index”. 
942 |a lcc  |c BK  |e Olagoke.M.A  |f 17/12/2020 
952 |0 0  |1 0  |2 lcc  |4 0  |6 RB0119 B85  |7 0  |9 662  |a HOL  |b HOL  |c QZ  |d 2020-12-17  |l 0  |o RB119 .B85  |p 2020-22979  |r 2020-12-17 00:00:00  |w 2020-12-17  |y BK 
999 |c 367  |d 367